|
|
|
|
| LEADER |
01282nam a2200289 u 4500 |
| 001 |
10010018 |
| 003 |
GR-PaULI |
| 005 |
20210830133941.0 |
| 008 |
881025s1963 ge lat |
| 040 |
|
|
|a GR-PaULI
|c GR-PaULI
|b gre
|e AACR2
|
| 041 |
0 |
|
|a lat
|a gre
|
| 082 |
0 |
4 |
|a 930
|2 23
|
| 100 |
0 |
|
|9 77638
|a Πολύβιος
|d π. 200-π. 118
|e συγγραφέας.
|
| 245 |
1 |
0 |
|a Polybii historiae /
|c editionem a Ludovico Dindorfio curatam retractavit Theodorus Buettner-Wobst
|
| 260 |
|
|
|a Stuttgart :
|b Teubner,
|c 1963.
|
| 300 |
|
|
|a 1 τ. ;
|c 20 εκ.
|
| 490 |
1 |
|
|a Bibliotheca scriptorum graecorum et romanorum Teubneriana
|
| 500 |
|
|
|a τ. 1. - 251 σ.
|
| 505 |
0 |
|
|a τ. 5. Appendix - Indices et historiarum conspectus.
|
| 650 |
|
4 |
|a Ιστορία, Αρχαία
|9 159985
|
| 651 |
|
4 |
|9 21559
|a Ρωμαϊκή Αυτοκρατορία
|x Ιστορία
|
| 700 |
1 |
|
|a Buettner-Wobst, Theodorus
|4
|9 125747
|e επιμελητής.
|
| 830 |
|
|
|9 161755
|a Bibliotheca scriptorum graecorum et romanorum Teubneriana
|
| 942 |
|
|
|2 ddc
|c BKN
|
| 952 |
|
|
|0 0
|1 0
|2 ddc
|3 τ.5
|4 0
|6 Π_Σ_930_000000000000000_ΠΟΛ
|7 0
|9 217357
|a LISP
|b LISP
|c REF
|d 2017-11-20
|i 23611
|l 0
|o Π/Σ 930 ΠΟΛ
|p 025000092016
|r 2017-11-20 00:00:00
|t 1
|v 2017.00
|w 2017-11-20
|y BKN
|
| 998 |
|
|
|c ΜΠΟΥΡΑΣ
|d 2017-11
|
| 999 |
|
|
|c 131770
|d 131770
|